| 000 | 00585nam a22001697a 4500 | ||
|---|---|---|---|
| 003 | UA-OsUOA | ||
| 001 | 13704 | ||
| 007 | ta | ||
| 008 | 20030616b un ||||| |||| 00| 0 ukr d | ||
| 942 | _cSA | ||
| 040 |
_aUA-OsUOA _cUA-OsUOA _dUA-OsUOA |
||
| 245 |
_aІнвестиційний клімат Рівненської області _b[Дані департаменту інвестиц. політики адмін. Рівнен. обл.] |
||
| 300 | _aС.13 | ||
| 955 | _a0 | ||
| 773 | 0 |
_w0 _tОго _dРівне _d2003 _g№93/29 трав./ |
|
| 650 | 7 |
_aКраєзнавча робота _2UDC |
|
| 999 |
_c299865 _d299865 |
||